Fuzzy Sets and Systems an international journal

Na minha lista:
Detalhes bibliográficos
Formato: Periódico
Idioma:inglês
Publicado em: Amsterdam North-Holland 1987
Tags: Adicionar Tag
Sem tags, seja o primeiro a adicionar uma tag!

MARC

LEADER 00000nas2a2200000 4500
001 s034893
005 20250730114145.7
041 0 |a eng 
044 |a NL 
245 1 0 |a Fuzzy Sets and Systems an international journal 
264 1 |a Amsterdam  |b North-Holland  |c 1987 
773 0 |w eu_un_cat*s120714